000
00323nam a2200145Ia 4500
008
191201s2011 xx 000 0 und d
082
_a
658
_b
ROM
100
_a
ROBBINS,Stephen P
245
0
_a
Management
250
_a
4th IMp
260
_a
N. delhi
_b
pearson
_c
2011
300
_a
545
650
_a
MBA
942
_2
ddc
_c
BK
_0
4
999
_c
5334
_d
5334